Stati europei dalla capitale - Statistics

Statistiche generali
  • Questo quiz è stato fatto 12 volte
  • Il punteggio medio è 42 su 47
Statistiche sulle risposte
Capitale Stato Abitanti (capitale) % Corretto
Tirana Albania 560.000
100%
Andorra La Vella Andorra 23.000
100%
Vienna Austria 1.980.000
100%
Bruxelles Belgio 190.000
100%
La Valletta Malta 5.800
100%
Monaco Monaco 39.000
100%
Kiev Ucraina 2.950.000
100%
Sarajevo Bosnia Erzegovina 275.000
89%
Sofia Bulgaria 1.250.000
89%
Nicosia Cipro 350.000
89%
Città del Vaticano Città del Vaticano 800
89%
San Marino Città di San Marino 4.000
89%
Zagabria Croazia 765.000
89%
Copenhagen Danimarca 660.000
89%
Tallinn Estonia 450.000
89%
Helsinki Finlandia 675.000
89%
Parigi Francia 2.045.000
89%
Berlino Germania 3.775.000
89%
Atene Grecia 640.000
89%
Dublino Irlanda 590.000
89%
Reykjavík Islanda 140.000
89%
Roma Italia 2.750.000
89%
Pristina Kosovo 210.000
89%
Riga Lettonia 605.000
89%
Lussemburgo Lussemburgo 134.000
89%
Skopje Macedonia del Nord 510.000
89%
Chisinau Moldavia 530.000
89%
Oslo Norvegia 710.000
89%
Amsterdam Paesi Bassi/Olanda 920.000
89%
Varsavia Polonia 1.860.000
89%
Lisbona Portogallo 545.000
89%
Londra Regno Unito 8.865.000
89%
Praga Repubblica Ceca 1.385.000
89%
Bucarest Romania 1.715.000
89%
Bratislava Slovacchia 475.000
89%
Lubiana Slovenia 285.000
89%
Madrid Spagna 3.350.000
89%
Stoccolma Svezia 985.000
89%
Berna Svizzera 135.000
89%
Ankara Turchia 5.100.000
89%
Budapest Ungheria 1.670.000
89%
Vaduz Liechtenstein 5.800
78%
Vilnius Lituania 590.000
78%
Podgorica Montenegro 175.000
78%
Belgrado Serbia 1.200.000
78%
Minsk Bielorussia 2.000.000
67%
Russia Mosca 13.100.000
67%
Nessun quiz corrispondente trovato
Distribuzione punteggi
Percentuale di utenti per punteggio
Percentile per numero di risposta
I tuoi punteggi nel tempo
Non hai fatto questo quiz